| 000 | 00680nam a2200205Ia 4500 | ||
|---|---|---|---|
| 003 | GCL | ||
| 008 | 140319s9999 xx 000 0 ara d | ||
| 040 |
_aGCL / _cGCL |
||
| 082 | 0 | 4 |
_aط _b031 _bع د |
| 100 | 1 | _aعصام ف. مصابنى | |
| 245 | 1 | 0 |
_aدائرة المعارف / _cعصام ف. مصابنى |
| 250 | _aالاولى | ||
| 260 |
_aبيروت : _bدار و مكتبة الهلال ، _c1999 |
||
| 300 |
_a16 ص: _bايض ؛ _c26 سم |
||
| 490 |
_aعلوم و استكشافات- اكتشف عالمك _v0 |
||
| 650 | 0 | 4 | _aالاطفال |
| 650 | 0 | 4 | _aالاطفال - دوائر معارف |
| 650 | 0 | 4 | _aالاطفال - الموسوعات |
| 942 |
_2ddc _cBK |
||
| 999 |
_c10180 _d10180 |
||